[Event "Rome Accademia op 10"]
[Site "Rome"]
[Date "2008.10.17"]
[Round "1"]
[White "Maddaloni, Giovanni"]
[Black "De Leon Cultri Fascetti, Angelo"]
[Result "1/2-1/2"]
[WhiteElo "1841"]
[BlackElo "2142"]
[PlyCount "102"]
[EventDate "2008.10.17"]
[EventType "swiss"]
[EventRounds "5"]
[EventCountry "ITA"]
[SourceTitle "EXT 2011"]
[Source "ChessBase"]
[SourceDate "2010.11.26"]
[SourceVersion "1"]
[SourceVersionDate "2010.11.26"]
[SourceQuality "1"]

1. e4 c6 2. d4 d5 3. e5 Bf5 4. Nf3 e6 5. Be2 c5 6. c3 Nc6 7. 0-0 Qb6 8. b3 cxd4 9. cxd4 Nge7 10. Ba3 Bxb1 11. Bc5 Qc7 12. Qxb1 Nf5 13. Bxf8 Kxf8 14. Qb2 h5 15. Bd3 Nfe7 16. Rac1 Qb6 17. Bb1 g6 18. Qd2 Kg7 19. Qf4 Rhf8 20. h4 a5 21. Qf6+ Kg8 22. Rxc6 Nxc6 23. Bxg6 Qd8 24. Bh7+ Kxh7 25. Ng5+ Kg8 26. Qh6 Qxg5 27. Qxg5+ Kh7 28. Qxh5+ Kg7 29. Qg5+ Kh7 30. Rd1 Rg8 31. Qh5+ Kg7 32. Rd3 Ne7 33. Qg5+ Kf8 34. Qh6+ Ke8 35. Rg3 Rf8 36. Rc3 Kd7 37. Qc1 Rac8 38. Rxc8 Rxc8 39. Qf4 Rf8 40. g4 Ke8 41. h5 Rg8 42. Kg2 Nc6 43. f3 Ne7 44. Kf2 Kd7 45. Qc1 b6 46. h6 Rh8 47. Qa3 Rxh6 48. Qd6+ Ke8 49. Kg2 Rg6 50. Qxb6 Kd7 51. Qxa5 Nf5 1/2-1/2

[Event "Sant' Anna op 10th"]
[Site "Pisignano di Vernole"]
[Date "2007.08.11"]
[Round "7"]
[White "De Leon Cultri Fascetti, Angelo"]
[Black "Rotelli, Pietro"]
[Result "1-0"]
[WhiteElo "2010"]
[BlackElo "1978"]
[PlyCount "99"]
[EventDate "2007.08.07"]
[EventType "swiss"]
[EventRounds "7"]
[EventCountry "ITA"]
[SourceTitle "EXT 2009"]
[Source "ChessBase"]
[SourceDate "2008.11.26"]
[SourceVersion "1"]
[SourceVersionDate "2008.11.26"]
[SourceQuality "1"]

1. d4 d5 2. c4 c6 3. Nf3 Nf6 4. Nc3 e6 5. Bg5 Nbd7 6. e3 Qa5 7. Nd2 Bb4 8. Bxf6 Nxf6 9. Qc2 0-0 10. Bd3 a6 11. 0-0 b5 12. cxd5 cxd5 13. Nb3 Qd8 14. a4 Bxc3 15. Qxc3 Bd7 16. a5 Qe7 17. Qc5 Rfe8 18. Rac1 g6 19. Rc2 Kf8 20. Rfc1 Rec8 21. Qxe7+ Kxe7 22. Nc5 Rc6 23. Kf1 Ra7 24. Ke2 Bc8 25. h3 h5 26. Kd2 Rac7 27. Kc3 Ne4+ 28. Bxe4 dxe4 29. Kb4 f5 30. Rc3 Kd6 31. h4 Kd5 32. Nb3 Rxc3 33. Rxc3 Rxc3 34. bxc3 e5 35. dxe5 Kxe5 36. Kc5 f4 37. Nd4 fxe3 38. fxe3 Kf6 39. Kb6 g5 40. Kc7 Bg4 41. g3 gxh4 42. gxh4 Ke5 43. Kb7 Kd5 44. Kxa6 Kc4 45. Kb7 Bd7 46. a6 Be8 47. Nc6 Kc5 48. Nb4 Kc4 49. a7 Kxc3 50. Na2+ 1-0

[Event "Sant' Anna op 10th"]
[Site "Pisignano di Vernole"]
[Date "2007.08.10"]
[Round "5"]
[White "Dappiano, Andrea"]
[Black "De Leon Cultri Fascetti, Angelo"]
[Result "0-1"]
[WhiteElo "1914"]
[BlackElo "2010"]
[PlyCount "56"]
[EventDate "2007.08.07"]
[EventType "swiss"]
[EventRounds "7"]
[EventCountry "ITA"]
[SourceTitle "EXT 2009"]
[Source "ChessBase"]
[SourceDate "2008.11.26"]
[SourceVersion "1"]
[SourceVersionDate "2008.11.26"]
[SourceQuality "1"]

1. c4 Nf6 2. Nc3 g6 3. e4 d6 4. g3 Bg7 5. Bg2 0-0 6. Nge2 c6 7. 0-0 e5 8. d3 Nbd7 9. h3 Ne8 10. Rb1 f5 11. b4 f4 12. gxf4 exf4 13. Bxf4 Bxc3 14. Bxd6 Nxd6 15. Nxc3 Qg5 16. Qc1 Qxc1 17. Rbxc1 g5 18. c5 Ne8 19. d4 Nc7 20. d5 Ne5 21. h4 gxh4 22. Rcd1 Nf3+ 23. Bxf3 Rxf3 24. Ne2 Bh3 25. Rfe1 Kf7 26. Nd4 Rg8+ 27. Kh1 Bg2+ 28. Kg1 Rh3 0-1

[Event "Campobasso op 14th"]
[Site "Campobasso"]
[Date "2007.07.20"]
[Round "1"]
[White "Gromovs, Sergejs"]
[Black "De Leon Cultri Fascetti, Angelo"]
[Result "1-0"]
[WhiteElo "2368"]
[BlackElo "2010"]
[PlyCount "85"]
[EventDate "2007.07.20"]
[EventType "swiss"]
[EventRounds "6"]
[EventCountry "ITA"]
[SourceTitle "EXT 2009"]
[Source "ChessBase"]
[SourceDate "2008.11.26"]
[SourceVersion "1"]
[SourceVersionDate "2008.11.26"]
[SourceQuality "1"]

1. d4 Nf6 2. Nf3 g6 3. c4 Bg7 4. Nc3 0-0 5. e4 d6 6. Be2 e5 7. 0-0 Nc6 8. d5 Ne7 9. b4 Nh5 10. Re1 f5 11. Ng5 Nf4 12. Bf1 h6 13. Nf3 g5 14. a4 Neg6 15. c5 g4 16. Nd2 Qh4 17. cxd6 Nxg2 18. Bxg2 f4 19. f3 g3 20. Nf1 cxd6 21. Ra2 Rf6 22. Nb5 Nf8 23. Nc7 Rb8 24. Ne8 Rg6 25. Nxg7 Rxg7 26. b5 Bh3 27. Ree2 Ng6 28. Ba3 Kh7 29. Bxd6 Rbg8 30. Bb4 Bxg2 31. Rxg2 Qh3 32. hxg3 Nh4 33. Be1 Nxg2 34. Rxg2 fxg3 35. d6 h5 36. Qd5 h4 37. Qxe5 Rg5 38. Qf4 R8g7 39. Bc3 Rg8 40. Qf7+ Kh6 41. Bd2 Qxg2+ 42. Kxg2 h3+ 43. Kg1 1-0